[Event "DEM U8w 2025"]
[Site "Willingen GER"]
[Date "2025.06.11"]
[Round "1"]
[White "Sydykova, Zarema"]
[Black "Dudi, Srija"]
[Result "1-0"]
[Termination "normal"]
[Board "1"]
[WhiteElo "1141"]
[BlackElo "834"]
[WhiteClock "00:58:38"]
[BlackClock "00:54:17"]
[PlyCount "57"]
[EventCountry "GER"]
[EventRounds "7"]
[EventType "swiss"]
[EventDate "2025.06.10"]

1. e4 {[%clk 01:00:29]} e5 {[%clk 01:00:19]} {[%emt 00:00:12]} 2. Nf3 {[%clk
01:00:40]} {[%emt 00:00:03]} Nc6 {[%clk 01:00:23]} {[%emt 00:00:10]} 3. Nc3
{[%clk 01:00:51]} {[%emt 00:00:05]} Nf6 {[%clk 01:00:10]} {[%emt 00:00:28]} 4.
Bb5 {[%clk 01:01:00]} {[%emt 00:00:05]} a6 {[%clk 00:59:55]} {[%emt 00:00:32]}
5. Bxc6 {[%clk 01:01:09]} {[%emt 00:00:05]} bxc6 {[%clk 01:00:04]} {[%emt
00:00:05]} 6. Nxe5 {[%clk 01:01:12]} {[%emt 00:00:13]} Bb4 {[%clk 00:59:56]}
{[%emt 00:00:23]} 7. d3 {[%clk 01:01:05]} {[%emt 00:00:21]} Bxc3+ {[%clk
00:59:45]} {[%emt 00:00:23]} 8. bxc3 {[%clk 01:01:17]} {[%emt 00:00:07]} Qe7
{[%clk 00:59:32]} {[%emt 00:00:27]} 9. Nf3 {[%clk 01:01:01]} {[%emt 00:00:28]}
d6 {[%clk 00:59:39]} {[%emt 00:00:11]} 10. O-O {[%clk 01:01:08]} {[%emt
00:00:10]} O-O {[%clk 00:59:32]} {[%emt 00:00:21]} 11. h3 {[%clk 01:00:59]}
{[%emt 00:00:23]} d5 {[%clk 00:59:05]} {[%emt 00:00:42]} 12. exd5 {[%clk
01:00:44]} {[%emt 00:00:31]} cxd5 {[%clk 00:59:08]} {[%emt 00:00:11]} 13. Re1
{[%clk 01:00:43]} {[%emt 00:00:15]} Qc5 {[%clk 00:59:01]} {[%emt 00:00:24]} 14.
Bb2 {[%clk 01:00:31]} {[%emt 00:00:23]} Rb8 {[%clk 00:58:44]} {[%emt 00:00:37]}
15. Qc1 {[%clk 01:00:25]} {[%emt 00:00:20]} Qb5 {[%clk 00:58:12]} {[%emt
00:00:45]} 16. Rb1 {[%clk 01:00:11]} {[%emt 00:00:30]} Re8 {[%clk 00:57:54]}
{[%emt 00:00:33]} 17. Rxe8+ {[%emt 00:00:13]} Qxe8 {[%emt 00:00:02]} 18. c4
{[%clk 00:59:55]} {[%emt 00:00:32]} dxc4 {[%clk 00:58:10]} {[%emt 00:00:13]}
19. Bxf6 {[%clk 01:00:00]} {[%emt 00:00:12]} gxf6 {[%clk 00:57:39]} {[%emt
00:00:45]} 20. Rxb8 {[%clk 00:59:56]} {[%emt 00:00:19]} cxd3 {[%clk 00:57:12]}
{[%emt 00:00:42]} 21. cxd3 {[%clk 00:59:44]} {[%emt 00:00:28]} Qd7 {[%clk
00:56:59]} {[%emt 00:00:26]} 22. Nd4 {[%clk 00:58:21]} {[%emt 00:01:39]} Qxd4
{[%clk 00:56:46]} {[%emt 00:00:27]} 23. Rxc8+ {[%clk 00:58:31]} {[%emt
00:00:07]} Kg7 {[%clk 00:56:35]} {[%emt 00:00:04]} 24. Qe3 {[%clk 00:58:34]}
{[%emt 00:00:34]} Qa1+ {[%clk 00:56:05]} {[%emt 00:00:27]} 25. Kh2 {[%clk
00:58:47]} {[%emt 00:00:19]} Qxa2 {[%clk 00:55:55]} {[%emt 00:03:31]} 26. Qg3+
{[%clk 00:58:03]} {[%emt 00:00:09]} Kh6 {[%clk 00:55:38]} {[%emt 00:00:05]} 27.
Rg8 {[%clk 00:58:15]} {[%emt 00:00:30]} Qe2 {[%clk 00:54:26]} {[%emt 00:01:01]}
28. Qg7+ {[%clk 00:58:26]} {[%emt 00:00:30]} Kh5 {[%clk 00:54:17]} {[%emt
00:00:08]} 29. Qxh7# {[%clk 00:58:38]} {[%emt 00:00:19]} 1-0

[Event "DEM U8w 2025"]
[Site "Willingen GER"]
[Date "2025.06.11"]
[Round "1"]
[White "Renzmann, Lea"]
[Black "Schmidt, Neele"]
[Result "0-1"]
[Termination "normal"]
[Board "2"]
[WhiteElo "827"]
[BlackElo "1125"]
[WhiteClock "00:58:24"]
[BlackClock "00:34:53"]
[PlyCount "90"]
[BlackFideId "533025487"]
[EventCountry "GER"]
[EventRounds "7"]
[EventType "swiss"]
[EventDate "2025.06.10"]

1. e4 {[%clk 01:00:30]} {[%emt 00:18:37]} e5 {[%clk 01:00:28]} {[%emt
00:00:02]} 2. Nf3 {[%clk 01:00:40]} {[%emt 00:00:04]} Nc6 {[%clk 01:00:36]}
{[%emt 00:00:08]} 3. Bc4 {[%clk 01:00:49]} {[%emt 00:00:04]} Bc5 {[%clk
01:00:39]} {[%emt 00:00:13]} 4. O-O {[%clk 01:00:59]} {[%emt 00:00:05]} Nf6
{[%clk 01:00:35]} {[%emt 00:00:20]} 5. d3 {[%clk 01:01:08]} {[%emt 00:00:06]}
h6 {[%clk 01:00:38]} {[%emt 00:00:12]} 6. b3 {[%clk 01:01:11]} {[%emt
00:00:12]} d6 {[%clk 01:00:27]} {[%emt 00:00:25]} 7. Bb2 {[%clk 01:01:12]}
{[%emt 00:00:15]} Bg4 {[%clk 01:00:27]} {[%emt 00:00:14]} 8. h3 {[%clk
01:01:20]} {[%emt 00:00:06]} Bh5 {[%clk 01:00:38]} {[%emt 00:00:05]} 9. Nbd2
{[%clk 01:01:32]} {[%emt 00:00:04]} O-O {[%clk 00:59:55]} {[%emt 00:00:58]} 10.
Re1 {[%clk 01:01:40]} {[%emt 00:00:07]} a6 {[%clk 00:58:45]} {[%emt 00:01:26]}
11. d4 {[%clk 01:01:23]} {[%emt 00:00:31]} exd4 {[%clk 00:57:53]} {[%emt
00:01:07]} 12. Be2 {[%clk 01:01:25]} {[%emt 00:00:12]} Re8 {[%clk 00:56:36]}
{[%emt 00:01:33]} 13. Nh4 {[%clk 01:01:20]} {[%emt 00:00:19]} Nxe4 {[%clk
00:55:27]} {[%emt 00:01:24]} 14. Nxe4 {[%clk 01:01:17]} {[%emt 00:00:18]} Qxh4
{[%clk 00:55:08]} {[%emt 00:00:34]} 15. Qd3 {[%clk 01:00:59]} {[%emt 00:00:33]}
Qxe4 {[%clk 00:54:57]} {[%emt 00:00:27]} 16. Qxe4 {[%clk 01:01:04]} {[%emt
00:00:10]} Rxe4 {[%clk 00:55:05]} {[%emt 00:00:06]} 17. Bxh5 {[%clk 01:01:10]}
{[%emt 00:00:09]} Rxe1+ {[%clk 00:54:49]} {[%emt 00:00:31]} 18. Rxe1 {[%clk
01:01:17]} {[%emt 00:00:09]} Bb4 {[%clk 00:53:41]} {[%emt 00:01:22]} 19. Re4
{[%clk 01:01:05]} {[%emt 00:00:23]} Bc3 {[%clk 00:50:36]} {[%emt 00:03:25]} 20.
Bxc3 {[%emt 00:00:21]} dxc3 {[%clk 00:50:36]} {[%emt 00:00:10]} 21. Rc4 {[%clk
01:01:08]} {[%emt 00:00:11]} Re8 {[%clk 00:49:28]} {[%emt 00:01:22]} 22. Rxc3
{[%clk 01:01:09]} {[%emt 00:00:15]} Re1+ {[%clk 00:49:30]} {[%emt 00:00:13]}
23. Kh2 {[%clk 01:01:14]} {[%emt 00:00:08]} d5 {[%clk 00:44:49]} {[%emt
00:06:02]} 24. Bf3 {[%clk 01:01:00]} {[%emt 00:00:28]} Nb4 {[%clk 00:43:27]}
{[%emt 00:01:38]} 25. a3 {[%clk 01:00:55]} {[%emt 00:00:19]} d4 {[%clk
00:42:48]} {[%emt 00:00:54]} 26. Rc4 {[%clk 01:00:57]} {[%emt 00:00:14]} Na2
{[%clk 00:40:00]} {[%emt 00:03:04]} 27. Rxd4 {[%clk 01:00:58]} {[%emt
00:00:13]} b5 {[%clk 00:39:26]} {[%emt 00:00:49]} 28. Be4 {[%clk 01:00:24]}
{[%emt 00:00:47]} g6 {[%clk 00:38:09]} {[%emt 00:01:33]} 29. Rd8+ {[%clk
00:59:44]} {[%emt 00:00:55]} Kg7 {[%clk 00:38:12]} {[%emt 00:00:12]} 30. Bc6
{[%clk 00:59:48]} {[%emt 00:00:12]} Re2 {[%clk 00:37:42]} {[%emt 00:00:40]} 31.
Kg3 {[%clk 00:59:35]} {[%emt 00:00:32]} Rxc2 {[%clk 00:37:27]} {[%emt
00:00:30]} 32. Be4 {[%clk 00:59:10]} {[%emt 00:00:39]} Rc3+ {[%clk 00:37:21]}
{[%emt 00:00:22]} 33. Bf3 {[%clk 00:59:09]} {[%emt 00:01:54]} Rxb3 {[%clk
00:36:33]} {[%emt 00:00:34]} 34. Rc8 {[%clk 00:59:11]} {[%emt 00:00:12]} Rxa3
{[%clk 00:36:12]} {[%emt 00:00:37]} 35. Rxc7 {[%clk 00:59:03]} {[%emt
00:00:24]} b4 {[%clk 00:34:47]} {[%emt 00:01:40]} 36. Kf4 {[%clk 00:59:06]}
{[%emt 00:00:11]} b3 {[%clk 00:34:37]} {[%emt 00:00:25]} 37. Be4 {[%clk
00:59:09]} {[%emt 00:00:12]} Ra4 {[%clk 00:34:28]} {[%emt 00:00:23]} 38. Kf3
{[%clk 00:59:15]} {[%emt 00:00:10]} b2 {[%clk 00:34:06]} {[%emt 00:00:38]} 39.
Rc6 {[%clk 00:59:05]} {[%emt 00:00:23]} Ra3+ {[%clk 00:33:36]} {[%emt
00:00:46]} 40. Ke2 {[%clk 00:58:44]} {[%emt 00:01:37]} Nc3+ {[%clk 00:35:14]}
{[%emt 00:01:01]} 41. Ke1 {[%clk 00:58:23]} {[%emt 00:00:35]} Nxe4 {[%clk
00:35:10]} {[%emt 00:00:20]} 42. f3 {[%clk 00:58:25]} {[%emt 00:00:14]} b1=Q+
{[%clk 00:35:07]} {[%emt 00:00:17]} 43. Ke2 {[%clk 00:58:15]} {[%emt 00:00:22]}
Qd3+ {[%clk 00:35:04]} {[%emt 00:00:20]} 44. Ke1 {[%clk 00:58:17]} {[%emt
00:00:13]} Qd2+ {[%clk 00:34:46]} {[%emt 00:00:34]} 45. Kf1 {[%clk 00:58:24]}
{[%emt 00:00:08]} Qf2# {[%clk 00:34:53]} {[%emt 00:00:08]} 0-1

[Event "DEM U8w 2025"]
[Site "Willingen GER"]
[Date "2025.06.11"]
[Round "1"]
[White "Lytvynenko, Sofi"]
[Black "Nguyen, Lena"]
[Result "1-0"]
[Termination "normal"]
[Board "3"]
[WhiteElo "1411"]
[BlackElo "795"]
[WhiteClock "00:55:53"]
[BlackClock "00:31:31"]
[PlyCount "117"]
[WhiteFideId "34689761"]
[EventCountry "GER"]
[EventRounds "7"]
[EventType "swiss"]
[EventDate "2025.06.10"]

1. d4 {[%clk 01:00:28]} {[%emt 00:00:03]} d5 {[%clk 01:00:42]} {[%emt
00:00:02]} 2. c4 {[%clk 01:00:39]} {[%emt 00:00:03]} c6 {[%clk 01:00:33]}
{[%emt 00:00:24]} 3. cxd5 {[%clk 01:00:44]} {[%emt 00:00:10]} cxd5 {[%clk
01:00:10]} {[%emt 00:00:28]} 4. Nc3 {[%clk 01:00:55]} {[%emt 00:00:15]} Nf6
{[%clk 01:00:05]} {[%emt 00:00:15]} 5. Nf3 {[%clk 01:01:04]} {[%emt 00:00:11]}
g6 {[%clk 01:00:11]} {[%emt 00:00:08]} 6. Bf4 {[%clk 01:00:59]} {[%emt
00:00:20]} Bg7 {[%clk 01:00:00]} {[%emt 00:00:24]} 7. e3 {[%clk 01:01:01]}
{[%emt 00:00:16]} O-O {[%clk 01:00:06]} {[%emt 00:00:09]} 8. Bd3 {[%clk
01:01:04]} {[%emt 00:00:11]} Qb6 {[%clk 01:00:00]} {[%emt 00:00:21]} 9. Qb3
{[%clk 01:00:45]} {[%emt 00:00:35]} Qxb3 {[%clk 00:59:52]} {[%emt 00:00:22]}
10. axb3 {[%clk 01:00:50]} {[%emt 00:00:11]} Bd7 {[%clk 00:59:15]} {[%emt
00:00:46]} 11. O-O {[%clk 01:00:56]} {[%emt 00:00:14]} Nc6 {[%clk 00:58:43]}
{[%emt 00:00:47]} 12. h3 {[%clk 01:00:17]} {[%emt 00:00:54]} Nb4 {[%clk
00:58:42]} {[%emt 00:00:17]} 13. Be2 {[%clk 01:00:03]} {[%emt 00:00:29]} Rac8
{[%clk 00:57:40]} {[%emt 00:01:12]} 14. Rfc1 {[%clk 00:59:55]} {[%emt
00:00:25]} Bf5 {[%emt 00:01:08]} 15. Rxa7 {[%clk 00:58:14]} {[%emt 00:01:16]}
Nd3 {[%clk 00:57:15]} {[%emt 00:00:30]} 16. Bxd3 {[%clk 00:58:03]} {[%emt
00:00:26]} Bxd3 {[%emt 00:00:21]} 17. Rxb7 {[%emt 00:00:17]} Ne4 {[%clk
00:55:59]} {[%emt 00:00:53]} 18. Ra7 {[%clk 00:57:33]} {[%emt 00:00:45]} Nxc3
{[%clk 00:55:29]} {[%emt 00:00:45]} 19. Rxc3 {[%clk 00:57:22]} {[%emt
00:00:26]} Rxc3 {[%emt 00:00:27]} 20. bxc3 {[%emt 00:00:07]} Re8 {[%emt
00:01:09]} 21. Ne5 {[%emt 00:01:10]} Bxe5 {[%clk 00:51:39]} {[%emt 00:01:11]}
22. Bxe5 {[%clk 00:57:28]} {[%emt 00:00:09]} f6 {[%clk 00:51:17]} {[%emt
00:00:37]} 23. Bc7 {[%clk 00:57:01]} {[%emt 00:00:42]} Bc2 {[%clk 00:50:58]}
{[%emt 00:00:34]} 24. Ra3 {[%clk 00:55:50]} {[%emt 00:01:26]} Rc8 {[%clk
00:49:25]} {[%emt 00:01:36]} 25. Ba5 {[%clk 00:56:00]} {[%emt 00:00:17]} Rb8
{[%clk 00:49:07]} {[%emt 00:00:24]} 26. b4 {[%clk 00:56:12]} {[%emt 00:00:13]}
e5 {[%clk 00:48:21]} {[%emt 00:00:53]} 27. Bc7 {[%clk 00:55:34]} {[%emt
00:01:02]} Re8 {[%clk 00:48:16]} {[%emt 00:00:13]} 28. Ra5 {[%clk 00:55:16]}
{[%emt 00:00:39]} exd4 {[%emt 00:00:11]} 29. cxd4 {[%emt 00:00:16]} Rc8 {[%clk
00:47:20]} {[%emt 00:00:36]} 30. Rc5 {[%clk 00:55:03]} {[%emt 00:00:36]} Bb3
{[%clk 00:47:03]} {[%emt 00:00:32]} 31. Kf1 {[%clk 00:55:08]} {[%emt 00:00:09]}
Bc4+ {[%emt 00:00:43]} 32. Ke1 {[%emt 00:00:20]} Kf8 {[%emt 00:00:12]} 33. Bd6+
{[%emt 00:00:10]} Ke8 {[%clk 00:45:22]} {[%emt 00:00:40]} 34. Rxc8+ {[%clk
00:55:36]} {[%emt 00:00:08]} Kd7 {[%clk 00:45:29]} {[%emt 00:00:08]} 35. Rc7+
{[%clk 00:55:12]} {[%emt 00:00:38]} Kxd6 {[%emt 00:00:14]} 36. Rxh7 {[%emt
00:00:13]} Ke6 {[%clk 00:44:10]} {[%emt 00:01:07]} 37. Kd2 {[%clk 00:55:16]}
{[%emt 00:00:12]} g5 {[%clk 00:42:37]} {[%emt 00:01:39]} 38. Kc3 {[%clk
00:55:24]} {[%emt 00:00:16]} Kd6 {[%clk 00:41:29]} {[%emt 00:01:13]} 39. g3
{[%clk 00:55:33]} {[%emt 00:00:17]} Ke6 {[%clk 00:40:10]} {[%emt 00:01:33]} 40.
Rc7 {[%clk 00:55:07]} {[%emt 00:00:42]} Kd6 {[%clk 00:40:06]} {[%emt 00:00:19]}
41. Rxc4 {[%clk 00:55:01]} {[%emt 00:00:22]} dxc4 42. Kxc4 Kc6 {[%clk
00:39:26]} {[%emt 00:00:32]} 43. h4 {[%clk 00:55:02]} {[%emt 00:00:15]} Kb6
{[%clk 00:39:04]} {[%emt 00:00:38]} 44. b5 {[%clk 00:55:05]} {[%emt 00:00:11]}
Kb7 {[%emt 00:00:13]} 45. Kc5 {[%emt 00:00:10]} Kb8 {[%clk 00:38:25]} {[%emt
00:00:29]} 46. Kb6 {[%clk 00:55:13]} {[%emt 00:00:09]} g4 {[%emt 00:00:54]} 47.
d5 {[%emt 00:00:11]} f5 {[%emt 00:00:27]} 48. d6 {[%emt 00:00:11]} Kc8 {[%emt
00:00:18]} 49. Ka7 {[%emt 00:00:11]} f4 {[%clk 00:35:55]} {[%emt 00:00:29]} 50.
b6 {[%clk 00:55:16]} {[%emt 00:00:16]} fxe3 {[%emt 00:00:46]} 51. b7+ {[%emt
00:00:11]} Kd7 {[%clk 00:34:48]} {[%emt 00:00:15]} 52. b8=Q {[%clk 00:55:18]}
{[%emt 00:00:23]} exf2 {[%emt 00:00:18]} 53. Qf8 {[%emt 00:00:10]} Kc6 {[%clk
00:33:54]} {[%emt 00:00:34]} 54. Qxf2 {[%clk 00:55:31]} {[%emt 00:00:08]} Kxd6
{[%emt 00:00:26]} 55. Qe3 {[%emt 00:00:16]} Kc7 {[%clk 00:32:37]} {[%emt
00:01:06]} 56. Qd4 {[%clk 00:55:43]} {[%emt 00:00:12]} Kc6 {[%emt 00:00:39]}
57. Ka6 {[%emt 00:00:23]} Kc7 {[%clk 00:31:31]} {[%emt 00:00:12]} 58. Qd5
{[%clk 00:55:53]} {[%emt 00:00:12]} Kc8 {[%emt 00:00:37]} 59. Kb6 {[%emt
00:00:26]} 1-0

[Event "DEM U8w 2025"]
[Site "Willingen GER"]
[Date "2025.06.11"]
[Round "1"]
[White "Dobrynina, Alina"]
[Black "Shelest, Amina"]
[Result "1-0"]
[Termination "normal"]
[Board "5"]
[WhiteElo "979"]
[BlackElo "778"]
[WhiteClock "00:53:40"]
[BlackClock "00:48:51"]
[PlyCount "57"]
[EventCountry "GER"]
[EventRounds "7"]
[EventType "swiss"]
[EventDate "2025.06.10"]

1. e4 {[%clk 01:00:27]} {[%emt 00:00:02]} e5 {[%clk 01:00:28]} {[%emt
00:00:02]} 2. Nf3 {[%clk 01:00:37]} {[%emt 00:00:05]} Nc6 {[%clk 01:00:27]}
{[%emt 00:00:17]} 3. d4 {[%clk 01:00:47]} {[%emt 00:00:04]} h6 {[%clk
01:00:05]} {[%emt 00:00:20]} 4. dxe5 {[%clk 01:01:02]} Bc5 {[%clk 01:00:01]}
{[%emt 00:00:38]} 5. Bc4 {[%clk 01:00:50]} {[%emt 00:00:25]} d6 {[%clk
00:59:37]} {[%emt 00:00:40]} 6. exd6 {[%clk 01:00:12]} {[%emt 00:00:52]} cxd6
{[%clk 00:59:36]} {[%emt 00:00:15]} 7. Nc3 {[%clk 00:59:57]} {[%emt 00:00:32]}
Bg4 {[%clk 00:59:17]} {[%emt 00:00:33]} 8. e5 {[%clk 00:58:55]} {[%emt
00:01:17]} dxe5 {[%clk 00:59:18]} {[%emt 00:00:15]} 9. Nxe5 {[%clk 00:58:44]}
{[%emt 00:00:25]} Bxd1 {[%clk 00:59:15]} {[%emt 00:00:15]} 10. Bxf7+ {[%clk
00:58:49]} {[%emt 00:00:14]} Kf8 {[%clk 00:59:02]} {[%emt 00:00:28]} 11. O-O
{[%clk 00:58:31]} {[%emt 00:00:33]} Bxc2 {[%clk 00:58:28]} {[%emt 00:00:48]}
12. Bf4 {[%clk 00:57:54]} {[%emt 00:00:48]} Nf6 {[%clk 00:57:42]} {[%emt
00:01:06]} 13. Rac1 {[%clk 00:57:29]} {[%emt 00:00:39]} Bf5 {[%clk 00:57:32]}
{[%emt 00:00:26]} 14. Rfd1 {[%clk 00:57:24]} {[%emt 00:00:20]} Qc8 {[%clk
00:57:11]} {[%emt 00:00:35]} 15. Nb5 {[%clk 00:57:01]} {[%emt 00:00:39]} Ke7
{[%clk 00:55:08]} {[%emt 00:02:18]} 16. Rxc5 {[%clk 00:56:45]} {[%emt
00:00:30]} Rd8 {[%clk 00:54:59]} {[%emt 00:00:24]} 17. Re1 {[%clk 00:55:56]}
{[%emt 00:01:05]} Rb8 {[%clk 00:54:14]} {[%emt 00:01:00]} 18. Nxc6+ {[%clk
00:55:50]} {[%emt 00:00:20]} Kf8 {[%clk 00:54:11]} {[%emt 00:01:21]} 19. Bd6+
{[%clk 00:55:54]} {[%emt 00:00:24]} Rxd6 {[%clk 00:53:54]} {[%emt 00:00:24]}
20. Nxd6 {[%clk 00:56:04]} {[%emt 00:00:14]} Qc7 {[%clk 00:53:29]} {[%emt
00:00:41]} 21. Nxf5 {[%clk 00:55:45]} {[%emt 00:00:33]} Qb6 {[%clk 00:52:24]}
{[%emt 00:01:19]} 22. b4 {[%clk 00:54:14]} {[%emt 00:01:47]} Rc8 {[%clk
00:51:10]} {[%emt 00:01:30]} 23. a4 {[%clk 00:53:49]} {[%emt 00:00:39]} Rc7
{[%clk 00:50:38]} {[%emt 00:00:48]} 24. a5 {[%clk 00:53:49]} {[%emt 00:00:14]}
Qa6 {[%clk 00:50:21]} {[%emt 00:00:32]} 25. b5 {[%clk 00:53:52]} {[%emt
00:00:12]} Nh5 {[%clk 00:49:43]} {[%emt 00:00:53]} 26. bxa6 {[%clk 00:53:53]}
{[%emt 00:00:14]} Nf4 {[%clk 00:49:32]} {[%emt 00:00:26]} 27. axb7 {[%clk
00:53:36]} {[%emt 00:00:33]} Rxb7 {[%clk 00:49:20]} {[%emt 00:00:27]} 28. Nd8
{[%clk 00:53:36]} {[%emt 00:00:14]} Nd3 {[%clk 00:48:51]} {[%emt 00:00:44]} 29.
Re8# {[%clk 00:53:40]} {[%emt 00:00:11]} 1-0

[Event "DEM U8w 2025"]
[Site "Willingen GER"]
[Date "2025.06.11"]
[Round "1"]
[White "Troeder, Helena"]
[Black "Caber, Marianna Maya"]
[Result "0-1"]
[Termination "normal"]
[Board "6"]
[WhiteElo "778"]
[BlackElo "973"]
[WhiteClock "00:31:43"]
[BlackClock "00:57:05"]
[PlyCount "82"]
[BlackFideId "533024170"]
[EventCountry "GER"]
[EventRounds "7"]
[EventType "swiss"]
[EventDate "2025.06.10"]

1. e4 {[%clk 01:00:23]} {[%emt 00:00:07]} d6 {[%clk 01:00:19]} {[%emt
00:00:12]} 2. Bc4 {[%clk 00:59:52]} {[%emt 00:00:44]} Nf6 {[%clk 01:00:14]}
{[%emt 00:00:21]} 3. Nc3 {[%clk 00:59:51]} {[%emt 00:00:16]} g6 {[%clk
01:00:13]} {[%emt 00:00:16]} 4. Nf3 {[%clk 00:59:40]} {[%emt 00:00:25]} Bg7
{[%clk 01:00:14]} {[%emt 00:00:15]} 5. O-O {[%clk 00:59:36]} {[%emt 00:00:19]}
O-O {[%clk 01:00:20]} {[%emt 00:00:09]} 6. d3 {[%clk 00:59:39]} {[%emt
00:00:12]} Nbd7 {[%clk 01:00:03]} {[%emt 00:00:32]} 7. Be3 {[%clk 00:59:09]}
{[%emt 00:00:44]} Re8 {[%clk 00:59:55]} {[%emt 00:00:24]} 8. Qd2 {[%clk
00:58:42]} {[%emt 00:00:42]} e5 {[%clk 00:59:38]} {[%emt 00:00:32]} 9. Rad1
{[%clk 00:58:29]} {[%emt 00:00:28]} Ng4 {[%clk 00:59:20]} {[%emt 00:00:33]} 10.
Bg5 {[%clk 00:57:59]} {[%emt 00:00:45]} Ngf6 {[%clk 00:58:59]} {[%emt
00:00:37]} 11. Nd5 {[%clk 00:57:39]} {[%emt 00:00:34]} c6 {[%clk 00:58:57]}
{[%emt 00:00:17]} 12. Nxf6+ {[%clk 00:56:24]} {[%emt 00:01:29]} Nxf6 {[%clk
00:58:56]} {[%emt 00:00:17]} 13. Rfe1 {[%clk 00:55:39]} {[%emt 00:01:01]} Bg4
{[%clk 00:58:43]} {[%emt 00:00:25]} 14. b3 {[%clk 00:53:03]} {[%emt 00:02:52]}
b5 {[%clk 00:58:24]} {[%emt 00:00:35]} 15. Bxf7+ {[%clk 00:52:05]} {[%emt
00:01:12]} Kxf7 {[%clk 00:58:26]} {[%emt 00:00:15]} 16. b4 {[%clk 00:50:03]}
{[%emt 00:02:17]} Bxf3 {[%clk 00:58:15]} {[%emt 00:00:25]} 17. gxf3 {[%clk
00:49:30]} {[%emt 00:00:46]} Qd7 {[%clk 00:58:05]} {[%emt 00:00:27]} 18. c3
{[%clk 00:48:17]} {[%emt 00:01:27]} Qh3 {[%clk 00:57:44]} {[%emt 00:00:37]} 19.
Qe3 {[%clk 00:47:03]} {[%emt 00:01:28]} h6 {[%clk 00:57:40]} {[%emt 00:00:20]}
20. Bxf6 {[%clk 00:46:51]} {[%emt 00:00:26]} Bxf6 {[%clk 00:57:42]} {[%emt
00:00:14]} 21. a3 {[%clk 00:45:16]} {[%emt 00:01:51]} d5 {[%clk 00:57:24]}
{[%emt 00:00:32]} 22. exd5 {[%clk 00:45:04]} {[%emt 00:00:27]} cxd5 {[%clk
00:57:24]} {[%emt 00:00:16]} 23. d4 {[%clk 00:43:41]} {[%emt 00:01:37]} e4
{[%clk 00:57:14]} {[%emt 00:00:26]} 24. fxe4 {[%clk 00:43:05]} {[%emt
00:00:50]} Qxe3 {[%clk 00:57:19]} {[%emt 00:00:11]} 25. Rxe3 {[%clk 00:42:47]}
{[%emt 00:00:33]} dxe4 {[%clk 00:57:19]} {[%emt 00:00:15]} 26. f3 {[%clk
00:42:09]} {[%emt 00:00:53]} exf3 {[%clk 00:57:22]} {[%emt 00:00:13]} 27. Rxe8
{[%clk 00:41:59]} {[%emt 00:00:25]} Rxe8 {[%clk 00:57:28]} {[%emt 00:00:08]}
28. Kf2 {[%emt 00:00:37]} Rc8 {[%clk 00:57:24]} {[%emt 00:00:18]} 29. Rc1
{[%clk 00:41:21]} {[%emt 00:00:31]} Bxd4+ {[%clk 00:57:05]} {[%emt 00:00:35]}
30. Kxf3 {[%clk 00:40:44]} {[%emt 00:00:53]} Be5 {[%clk 00:56:58]} {[%emt
00:00:21]} 31. h3 {[%clk 00:40:34]} {[%emt 00:00:24]} h5 {[%clk 00:56:55]}
{[%emt 00:00:19]} 32. Ke4 {[%clk 00:34:51]} {[%emt 00:05:58]} Kf6 {[%clk
00:56:59]} {[%emt 00:00:11]} 33. Kd5 {[%clk 00:34:27]} {[%emt 00:00:39]} g5
{[%clk 00:56:42]} {[%emt 00:00:32]} 34. c4 {[%clk 00:34:04]} {[%emt 00:00:38]}
bxc4 {[%clk 00:56:46]} {[%emt 00:00:11]} 35. Rxc4 {[%clk 00:34:04]} {[%emt
00:00:15]} Rxc4 {[%clk 00:56:53]} {[%emt 00:00:08]} 36. Kxc4 {[%clk 00:34:11]}
{[%emt 00:00:09]} g4 {[%clk 00:56:56]} {[%emt 00:00:11]} 37. hxg4 {[%clk
00:34:21]} {[%emt 00:00:05]} hxg4 {[%clk 00:57:00]} {[%emt 00:00:10]} 38. Kd3
{[%clk 00:34:19]} {[%emt 00:00:18]} g3 {[%clk 00:57:01]} {[%emt 00:00:15]} 39.
Ke2 {[%clk 00:34:11]} {[%emt 00:00:22]} Kg5 {[%clk 00:57:01]} {[%emt 00:00:15]}
40. b5 {[%clk 00:33:56]} {[%emt 00:00:31]} Kh4 {[%clk 00:57:00]} {[%emt
00:00:14]} 41. Kf3 {[%clk 00:31:43]} {[%emt 00:02:28]} Kh3 {[%clk 00:57:05]}
{[%emt 00:00:11]} 0-1